| 000 -LEADER |
| fixed length control field |
00702nam a2200205Ia 4500 |
| 001 - CONTROL NUMBER |
| control field |
12821 |
| 003 - CONTROL NUMBER IDENTIFIER |
| control field |
GE_BSU |
| 008 - FIXED-LENGTH DATA ELEMENTS--GENERAL INFORMATION |
| fixed length control field |
181216s||||||||xx |||||||||||||| ||und|| |
| 040 ## - CATALOGING SOURCE |
| Transcribing agency |
GE_BSU |
| 100 ## - MAIN ENTRY--PERSONAL NAME |
| Personal name |
Манджавидзе,Д.В. |
| 245 ## - TITLE STATEMENT |
| Title |
Реликтовые леса Аджарии и их народнохозяйственное значение |
| 245 ## - TITLE STATEMENT |
| Statement of responsibility, etc. |
Ред.Н.Н.Кецховели |
| 260 ## - PUBLICATION, DISTRIBUTION, ETC. |
| Place of publication, distribution, etc. |
Тбилиси |
| 260 ## - PUBLICATION, DISTRIBUTION, ETC. |
| Name of publisher, distributor, etc. |
Мецниереба |
| 260 ## - PUBLICATION, DISTRIBUTION, ETC. |
| Date of publication, distribution, etc. |
1982 |
| 300 ## - PHYSICAL DESCRIPTION |
| Extent |
264стр.20см. |
| 300 ## - PHYSICAL DESCRIPTION |
| Dimensions |
Библиогр.с.237-260 |
| 653 ## - INDEX TERM--UNCONTROLLED |
| Uncontrolled term |
Реликтовые леса Аджарии и их народнохозяйственное значение |
| 942 ## - ADDED ENTRY ELEMENTS (KOHA) |
| Koha item type |
წიგნი |